000 00977nam a2200289Ia 4500
003 OSt
005 20221007122226.0
006 a|||||r|||| 00| 0
007 ta
008 221006b |||||||| |||| 00| 0 eng d
020 _a0852264194 (pbk)
_cRs.150
024 _a80021
037 _b2254, 13/12/2007, Unilib Book Distributors
_cTextual
040 _aPAPL
_cPAPL
_beng
041 _2eng
_aeng
082 _aB37:1N, M6;4 Carpa
100 _aJain P K
245 0 _aLebesgue measure and integration
_b Gupta V P
260 _aNew
_bDelhi New Age International (P) Limited, Publishers
_c1986
300 _aviii, 260p.
_ccm.
500 _aAppendix I-III, 228-251p.; Bibliography p253.; Index 256-260p.
650 _a Lebesgue measure theory
_9713746
650 _aPhysics
700 _a Gupta V P
942 _hB37:1N, M6;4 Carpa
_cTEXL
_2CC
999 _c1209974
_d1209974